| 000 | 00000nam##2200000za#4500 |
| 001 | 9.580763 |
| 003 | CaOODSP |
| 005 | 20210624191208 |
| 007 | cr ||||||||||| |
| 008 | 150406|1999||||xxc|||||o f|0| 0 eng|d |
| 040 | |aCaOODSP|beng |
| 043 | |an-cn--- |
| 086 | 1 |aNH18-22/99-114E-PDF |
| 110 | 2 |aCanada Mortgage and Housing Corporation. |
| 245 | 10|aOn-site exterior wall monitoring methods for air leakage, condensation and rain penetration control problems |h[electronic resource] |
| 260 | |aOttawa - Ontario : |bCanada Mortgage and Housing Corporation |c[1999]. |
| 300 | |a4p.|bgraphs |
| 490 | 1 |aResearch and development highlights; technical series |v99-114 |
| 500 | |aFile reproduced from original print. |
| 590 | |a14-16-Supp|b2014-09-25 |
| 775 | 08|tMéthodes de contrôle sur place des problèmes d'étanchéité à l'air, de condensation et de pénétration de la pluie auxquels sont soumis les murs extérieurs / |w(CaOODSP)9.607706 |
| 776 | 0#|tOn-site exterior wall monitoring methods for air leakage, condensation and rain penetration control problems |w(CaOODSP)9.615559 |
| 830 | #0|aResearch and development highlights; technical series ;|v99-114|w(CaOODSP)9.504481 |
| 856 | 40|ahttp://publications.gc.ca|qPDF|s236 KB|uhttps://publications.gc.ca/collections/collection_2014/schl-cmhc/NH18-22-99-114-eng.pdf|y99-114 |